000 00368nam a2200157Ia 4500
008 221030s9999 xx 000 0 und d
041 _aEnglish
082 _a105.23
_bSha
100 _aS. C. Sharma
245 0 _aMechanical Estimating & Costing
260 _bKhanna Pub.
_aDelhi
_c1997
300 _a462
650 _aMechanical
700 _aT. R. Banga
942 _cBK
999 _c419
_d419